Religion Quiz

Random Religion or Bible Quiz

Vowel-Free Scrambled Bible Blitz X Quiz Stats

 Plays Quiz not verified by Sporcle

Score 0/5 Timer 01:00
0 Plays Today
Hint Answer % Correct
SJMLRJERUSALEM
97.3%
SMCDSDAMASCUS
78.4%
MRROME
77%
CRJHJERICHO
75.7%
HNVNNINEVEH
66.2%

You're not logged in!

Compare scores with friends on all Sporcle quizzes.
OR
Log In

Sporcle TV

Today on Sporcle TV


Watch our educational content, quiz creation guides, and fun videos on Sporcle TV.

Show Comments

Extras

Top Quizzes Today


Score Distribution

Your Account Isn't Verified!

In order to create a playlist on Sporcle, you need to verify the email address you used during registration. Go to your Sporcle Settings to finish the process.

Report this User

Report this user for behavior that violates our Community Guidelines.

Details: